000 00583nam a2200217Ia 4500
003 OSt
005 20221007082929.0
006 a|||||r|||| 00| 0
007 ta
008 221006b |||||||| |||| 00| 0 eng d
024 _a41,511
037 _cDissertations
040 _aFLL
_cFLL
_beng
041 _2eng
_aeng
100 _aRaza Mohammad Tauseef
_9699840
245 0 _aEfficacy of existing rape laws and feasibility of death sentence to rapist
260 _c2013
300 _ad.p.
_ccm.
942 _cDIS
_2CC
999 _c1168208
_d1168208